| 000 | 01359nab a2200241 i 4500 | ||
|---|---|---|---|
| 001 | 768714001 | ||
| 003 | CO-MdFUSB | ||
| 005 | 20240514114215.0 | ||
| 008 | 240510t1970 sp ||||| |||| 00| 0 spa d | ||
| 040 |
_bspa _cCO-MdFUSB _dCO-MdFUSB |
||
| 041 | _aspa | ||
| 100 |
_aHoffmann, Paul, _eautor |
||
| 245 | 4 |
_aLas palabras de Jesús sobre el divorcio y su interpretación en la tradición neotestamentaria _c/ Paul Hoffmann |
|
| 520 | _aEn el presente estudio exegético vamos a determinar, en primer lugar, la forma más antigua que presenta en la tradición el logion de Jesús sobre el divorcio, así como las expresiones que se refieren a su contenido (I). En la segunda parte nos preguntamos cómo se interpretaron las palabras de Jesús y sus exigencias en las distintas situaciones de la Iglesia primitiva (II). En la tercera parte resumiremos las observaciones particulares en torno a la problemática de fondo (III). | ||
| 600 | _yMatrimonio como institución | ||
| 650 | 2 |
_aConciencia (Moral) _9927 |
|
| 650 | 7 |
_aCristología _9239 |
|
| 650 | 7 |
_aMatrimonio _9300 |
|
| 653 | _aMatrimonio como institución | ||
| 773 | 0 |
_049450 _982618 _oR2545 _tRevista internacional de teología Concilium _w(CO-MdFUSB)8 _x0210-1041 _gNúmero 55, (mayo, 1970), páginas: 210 - 225 _qpágina: 210 |
|
| 942 | _cANA | ||
| 945 | _aCatherine Arias Alvarez - Practicante SENA | ||
| 999 |
_c69675 _d69675 |
||